"Aprendizaje visible" para profesores. Maximizando el impacto en el aprendizaje
Guardat en:
| Autor principal: | |
|---|---|
| Format: | Desconegut |
| Idioma: | anglès |
| Publicat: |
Madrid, España.
Ediciones Paraninfo,
2017
|
| Col·lecció: | Paraninfo Universidad; Colección Didáctica y Desarrollo
|
| Matèries: | |
| Etiquetes: |
Afegir etiqueta
Sense etiquetes, Sigues el primer a etiquetar aquest registre!
|
MARC
| LEADER | 00000 a2200000 4500 | ||
|---|---|---|---|
| 003 | CL-VaPUC | ||
| 005 | 20240612105527.0 | ||
| 008 | 210906b2017 ||||| |||| 00| 0 eng d | ||
| 999 | |c 433557 |d 433555 | ||
| 020 | |a 97884283338608 | ||
| 040 | |c Pontificia Universidad Católica de Valparaíso | ||
| 082 | |a 370.15 HAT 2017 | ||
| 100 | |a Hattie, John |e autor |9 862958 | ||
| 245 | 1 | |a "Aprendizaje visible" para profesores. |b Maximizando el impacto en el aprendizaje | |
| 260 | |a Madrid, España. |b Ediciones Paraninfo, |c 2017 | ||
| 300 | |a 330 páginas | ||
| 490 | |a Paraninfo Universidad; |a Colección Didáctica y Desarrollo | ||
| 583 | |k GC |c 20210906 | ||
| 650 | 0 | |a Métodos de enseñanza |9 270413 | |
| 650 | 0 | |a Psicología educacional |9 307830 | |
| 650 | 0 | |a Aprendizaje visual |9 562733 | |
| 942 | |2 ddc |c BK | ||
| 952 | |0 0 |1 0 |2 ddc |4 0 |6 370_150000000000000_HAT_2017 |7 0 |8 A |9 578800 |a BIBHIS |b BIBHIS |d 2021-09-06 |e 52 |g 33725.88 |i 5588464 |l 10 |o 370.15 HAT 2017 |p 5588464 |r 2025-05-06 |s 2025-05-02 |t 1 |v 33725.88 |w 2021-09-06 |y BK |k HIS | ||